000 00379nam a2200169Ia 4500
008 210210b1953 xxu||||| |||| 00| 0 eng d
041 _aeng
082 _a829/1301
100 _aWODEHOUSE (P G)
245 _aMike at wrykyn
260 _aLondon
_bNot Mentioned
_c1953
650 _awrykyn
650 _aMike
650 _aat
690 _aEnglish Fiction
906 _a017911
999 _c118775
_d118775